[Event "American World Cup Q Prelim"]
[Site "Tornelo INT"]
[Date "2021.05.08"]
[Round "1"]
[White "Talukdar, Rohan Shyam"]
[Black "Jordan, Valence"]
[Result "1-0"]
[WhiteElo "2341"]
[BlackElo "1760"]
[PlyCount "61"]
[EventDate "2021.05.08"]
[EventType "swiss (rapid)"]
[EventRounds "9"]
[EventCountry "USA"]
[SourceTitle "CBM 202 Extra"]
[Source "ChessBase"]
[SourceDate "2021.07.31"]
[SourceVersion "1"]
[SourceVersionDate "2021.07.31"]
[SourceQuality "1"]

1. e4 c6 2. d4 d5 3. Nc3 dxe4 4. Nxe4 Bf5 5. Ng3 Bg6 6. h4 h6 7. Nf3 e6 8. h5 Bh7 9. Bd3 Bxd3 10. Qxd3 Nf6 11. Bd2 Be7 12. 0-0-0 0-0 13. Kb1 c5 14. Be3 Nd5 15. dxc5 Nxe3 16. Qxe3 Qa5 17. Ne4 Na6 18. Rd7 Bxc5 19. Qb3 b5 20. g4 Rfd8 21. Rxd8+ Rxd8 22. g5 hxg5 23. Nfxg5 Qb6 24. h6 gxh6 25. Qf3 hxg5 26. Qf6 Rd1+ 27. Rxd1 e5 28. Qxg5+ Qg6 29. Qxe5 Nb4 30. a3 Na6 31. Nxc5 1-0